[Event "Reykjavik Chess Club-ch 2018"]
[Site "Reykjavik"]
[Date "2018.09.10"]
[Round "1"]
[White "Ornolfsson, Magnus P"]
[Black "Olafsson, Thorvardur"]
[Result "0-1"]
[WhiteElo "2227"]
[BlackElo "2192"]
[Annotator "NA"]
[PlyCount "136"]
[EventDate "2018.09.11"]
[EventCountry "ISL"]
[SourceTitle "playchess.com"]
[Source "ChessBase"]
[SourceQuality "1"]

1. e4 e5 2. Nf3 Nc6 3. d4 exd4 4. Nxd4 Bc5 5. Be3 Qf6 6. Nb5 Bxe3 7. fxe3 Qh4+ 8. g3 Qd8 9. Qg4 g5 10. N1c3 Ne5 11. Qe2 Nf6 12. O-O-O d6 13. h3 a6 14. Nd4 Be6 15. Bg2 Qe7 16. Nf5 Bxf5 17. exf5 O-O-O 18. e4 Kb8 19. Rhe1 Qd7 20. Qe3 h6 21. Nd5 Nxd5 22. Rxd5 Qa4 23. Qb3 Qxb3 24. axb3 c6 25. Rd2 f6 26. Red1 Kc7 27. Re1 h5 28. Rde2 h4 29. g4 a5 30. Rd2 Ra8 31. c3 a4 32. Kc2 axb3+ 33. Kxb3 Ra6 34. Rdd1 Rha8 35. Bf1 Ra2 36. Be2 b5 37. Rd2 R8a3+ 38. Kc2 Ra4 39. Rd4 Ra1 40. Rxa1 Rxa1 41. Rd1 Rxd1 42. Kxd1 Kb6 43. b3 Kc5 44. b4+ Kb6 45. Kd2 c5 46. Kc2 Nc6 47. bxc5+ Kxc5 48. Kb3 Na5+ 49. Kc2 Nc6 50. Kb3 b4 51. cxb4+ Nxb4 52. Kc3 Nc6 53. Kd3 d5 54. exd5 Nb4+ 55. Ke4 Nxd5 56. Bf1 Nf4 57. Ke3 Kd5 58. Kf3 Kd4 59. Kf2 Ke4 60. Kg1 Kf3 61. Kh2 Kf2 62. Bb5 Ng2 63. Bc6 Ne1 64. Bb5 Nf3+ 65. Kh1 Kg3 66. Bf1 Nd4 67. Kg1 Nc2 68. Be2 Ne3 0-1

[Event "Reykjavik Chess Club-ch 2018"]
[Site "Reykjavik"]
[Date "2018.09.10"]
[Round "1"]
[White "Ingvason, Johann"]
[Black "Jonsson, Gauti Pall"]
[Result "1-0"]
[WhiteElo "2185"]
[BlackElo "2100"]
[Annotator "NA"]
[PlyCount "51"]
[EventDate "2018.09.11"]
[EventCountry "ISL"]
[SourceTitle "playchess.com"]
[Source "ChessBase"]
[SourceQuality "1"]

1. e4 e6 2. d4 d5 3. Nc3 Bb4 4. e5 Ne7 5. a3 Bxc3+ 6. bxc3 c5 7. dxc5 Qc7 8. Nf3 Nd7 9. Bb5 Qxc5 10. a4 Qxc3+ 11. Bd2 Qc7 12. O-O a6 13. Bd3 Nxe5 14. Nxe5 Qxe5 15. Bb4 Nc6 16. Re1 Qc7 17. Ba3 Ne5 18. Qh5 Nc4 19. Bxc4 dxc4 20. Rad1 h6 21. Bd6 Qc6 22. Qh4 g5 23. Qd4 Rg8 24. Qf6 Qd7 25. Bb4 Qc7 26. a5 1-0

[Event "Reykjavik Chess Club-ch 2018"]
[Site "Reykjavik"]
[Date "2018.09.10"]
[Round "1"]
[White "Mai, Aron Thor"]
[Black "Thorfinnsson, Bjorn"]
[Result "0-1"]
[WhiteElo "2062"]
[BlackElo "2408"]
[Annotator "NA"]
[PlyCount "64"]
[EventDate "2018.09.11"]
[EventCountry "ISL"]
[SourceTitle "playchess.com"]
[Source "ChessBase"]
[SourceQuality "1"]

1. e4 e5 2. Nf3 Nc6 3. d4 exd4 4. Nxd4 Nf6 5. Nxc6 bxc6 6. e5 Qe7 7. Qe2 Nd5 8. c4 Nb6 9. Nc3 Qe6 10. Bd2 a5 11. O-O-O Ba6 12. b3 Ba3+ 13. Kb1 Nxc4 14. Qxc4 Bxc4 15. Bxc4 Qg6+ 16. Ka1 a4 17. Rb1 axb3 18. Bxb3 O-O 19. g3 Bc5 20. f4 Bd4 21. Rhd1 Rfb8 22. Kb2 c5 23. Kc1 Qa6 24. Be1 Be3+ 25. Bd2 Bd4 26. Be1 c6 27. h4 h5 28. Ne4 Qe2 29. Nd6 Rxa2 30. Bxf7+ Kh7 31. Bg6+ Kxg6 32. f5+ Kh7 0-1

[Event "Reykjavik Chess Club-ch 2018"]
[Site "Reykjavik"]
[Date "2018.09.10"]
[Round "1"]
[White "Mai, Alexander Oliver"]
[Black "Antonsson, Atli"]
[Result "1-0"]
[WhiteElo "1940"]
[BlackElo "1843"]
[Annotator "NA"]
[PlyCount "46"]
[EventDate "2018.09.11"]
[EventCountry "ISL"]
[SourceTitle "playchess.com"]
[Source "ChessBase"]
[SourceQuality "1"]

1. d4 e6 2. Nf3 f5 3. g3 d5 4. Bg2 c6 5. O-O Bd6 6. c4 Nf6 7. b3 Qe7 8. a4 b6 9. Ba3 Nbd7 10. Bxd6 Qxd6 11. Nbd2 O-O 12. Qc1 Ne4 13. Qb2 a5 14. Rfd1 Ba6 15. Rac1 Rac8 16. e3 c5 17. Ne5 Nxd2 18. Rxd2 Nf6 19. Rdc2 Bb7 20. dxc5 Rxc5 21. Nd3 Rc7 22. c5 bxc5 23. Nxc5 Qb6 1-0

[Event "Reykjavik Chess Club-ch 2018"]
[Site "Reykjavik"]
[Date "2018.09.12"]
[Round "2"]
[White "Stefansson, Vignir Vatnar"]
[Black "Ingvason, Johann"]
[Result "1/2-1/2"]
[WhiteElo "2270"]
[BlackElo "2185"]
[Annotator "TA"]
[PlyCount "124"]
[EventDate "2018.09.11"]
[EventCountry "ISL"]
[SourceTitle "playchess.com"]
[Source "ChessBase"]
[SourceQuality "1"]

{[%evp 19,124,32,38,25,34,28,22,20,48,28,38,28,54,45,115,113,134,118,214,63,75,58,87,71,66,58,86,81,81,81,81,82,87,77,71,74,74,72,118,106,104,104,109,64,95,92,108,62,61,50,50,48,54,44,44,47,50,44,70,17,70,70,70,70,70,70,70,70,70,70,70,70,70,65,66,65,66,37,51,44,65,65,65,65,65,65,51,8,50,51,65,65,65,8,66,65,65,65,66,65,66,0,8,0,73,8,58]} 1. d4 d5 2. c4 c6 3. Nc3 e6 4. e4 dxe4 5. Nxe4 Nf6 6. Nxf6+ Qxf6 7. Nf3 Bb4+ 8. Bd2 Bxd2+ 9. Qxd2 O-O 10. Bd3 Nd7 {LiveBook: 8 Games} 11. Qe3 {D31: Queen's Gambit Declined: Semi-Slav without ...Nf6 (+ Marshall Gambit and Noteboom) and Exchange Variation lines without ...Nf6} c5 12. O-O (12. dxc5 Qxb2 13. O-O Qb4 14. Ng5 h6 15. Ne4 f5 16. Rfb1 Qa5 17. Rb5 Qd8 18. Nd6 Qf6 {½-½ (28) El Debs,F (2515)-Krishnan,V (2305) Arlington 2015}) 12... cxd4 13. Nxd4 Nc5 $146 ({Predecessor:} 13... Ne5 14. Bc2 g6 15. b3 Ng4 16. Qc3 Rd8 17. Rad1 Qe5 {½-½ (26) Wheeler,J (2040)-Mackle,D (2104) Exeter 2008}) 14. Bc2 a5 15. Rad1 b6 16. Nb3 Qxb2 {[#]} (16... Bb7 $14) 17. Bxh7+ $1 $16 {[%mdl 512]} Kxh7 18. Nxc5 Kg8 (18... Rb8 $16) 19. Rd2 $2 (19. Na4 $18 Qb4 20. Nxb6) 19... Qb4 $14 20. Ne4 {Strongly threatening Nf6+!} f6 21. Nd6 e5 22. f4 Ba6 23. a3 Qc5 24. Qxc5 bxc5 25. fxe5 fxe5 {[#]} 26. Re1 $1 {[%cal Re1e5]} Rf4 27. Rxe5 Bxc4 {[%csl Gc4][%cal Rf4f1] [#]} 28. h3 $1 ({But not} 28. Nxc4 Rxc4 29. Rdd5 Rc1+ 30. Kf2 Rc2+ 31. Kg3 Rc3+ 32. Kg4 Rxa3 $11) 28... Rf1+ 29. Kh2 Bb3 30. Rxc5 a4 31. Nb5 Rb8 32. Rd7 Rd1 33. Rxd1 (33. Ra7 {feels hotter.} Rd5 34. Rxd5 Bxd5 35. Nc3 Bc6 36. Ra6) 33... Bxd1 $16 {[%mdl 4096] Endgame KRB-KRN} 34. Nc3 Bc2 $1 35. Rc4 Rb3 36. Nxa4 Rxa3 37. Nc5 Ra2 38. Kg3 Bf5 39. Rc3 (39. Kf4 $14 Rf2+ 40. Ke5) 39... Rc2 (39... g5 $11) 40. Rxc2 $14 Bxc2 {KB-KN} 41. Kf4 Bb1 42. g4 {[%cal Bg2g4,Bg4g5][%mdl 32]} Bc2 43. h4 Bb1 44. Nd7 Bc2 45. Ne5 Bb1 46. g5 Bc2 47. Ke3 Bb1 48. Kd4 Bc2 49. Kd5 Bb1 50. Ke6 Bc2 51. Ke7 Bb1 52. Ke8 Bc2 53. Nf3 {Black should prevent Nd4.} Bb1 54. Nd4 Bd3 55. Ne6 Bc2 56. Nf4 (56. Ke7 $14) 56... Bb1 (56... Ba4+ $1 $11 57. Ke7 Bc2) 57. Nd5 Bg6+ 58. Ke7 Be4 59. Nf4 Bc2 60. Ke8 (60. g6 $14) 60... Ba4+ 61. Ke7 (61. Kd8 $11) 61... Bc2 $16 62. h5 (62. g6 $16) 62... Bd1 {Precision: White = 49%, Black = 51%.} 1/2-1/2

[Event "Reykjavik Chess Club-ch 2018"]
[Site "Reykjavik"]
[Date "2018.09.13"]
[Round "2"]
[White "Ragnarsson, Dagur"]
[Black "Thorfinnsson, Bjorn"]
[Result "1/2-1/2"]
[WhiteElo "2249"]
[BlackElo "2408"]
[Annotator "TA"]
[PlyCount "160"]
[EventDate "2018.09.11"]
[EventCountry "ISL"]
[SourceTitle "playchess.com"]
[Source "ChessBase"]
[SourceQuality "1"]

{[%evp 20,160,-6,-18,-3,-9,10,8,7,-42,-41,-52,-27,-32,-35,-31,-26,-91,-89,-94,-30,-29,-23,-28,-12,-31,-22,-3,-9,-11,0,0,13,16,58,58,70,68,61,39,52,18,25,11,9,0,28,4,22,-16,0,0,0,-29,-24,-18,0,-4,-7,-55,-25,-43,-29,-45,-26,-51,-39,-83,-24,-20,-37,-86,-83,-100,-92,-111,-55,-216,-211,-171,-175,-177,-189,-175,-28,-28,-8,-8,-8,-8,0,-14,0,-8,-8,-8,0,-8,0,0,0,-8,-8,-8,-8,-8,0,-43,-43,-43,-43,-640,-621,-571,-522,-480,-42,-42,-42,-341,-241,-204,-212,-149,-45,-29969,-29970,-29975,-643,-29972,-29973,-29971,0,0,0,0,0,0,0,0,0,0,0]} 1. d4 Nf6 2. Nf3 b6 3. c4 Bb7 4. Nc3 e6 5. a3 d5 6. cxd5 Nxd5 7. Qc2 Be7 8. e4 Nxc3 9. bxc3 O-O 10. Bd3 c5 11. Be3 {LiveBook: 3 Games. E12: Queen's Indian: Unusual White 4th moves, 4 a3, 4 Nc3 Bb7 5 a3 and 4 Nc3 Bb7} (11. O-O Qc8 12. Qe2 Ba6 13. Rd1 Bxd3 14. Rxd3 Nd7 15. e5 cxd4 16. cxd4 Re8 17. h4 Qb7 18. Bg5 Bf8 19. Nd2 f6 20. exf6 Nxf6 21. Bxf6 gxf6 {1-0 (34) Gupta,A (2610)-Ivanchuk,V (2726) Caleta 2018}) 11... cxd4 12. cxd4 Qc8 13. Qd2 Ba6 14. Ke2 $146 ({Predecessor:} 14. O-O Bxd3 15. Qxd3 Nd7 16. Bg5 Bxg5 17. Nxg5 h6 {½-½ (25) Blasko,I (2318)-Kelecevic,N (2393) Winterthur 2004}) 14... Qb7 15. Bxa6 Nxa6 16. Qd3 Rfd8 17. Qb1 Rac8 18. Rc1 (18. Rd1 $11 {remains equal.}) 18... Rxc1 $17 19. Bxc1 {[#]} Qc6 (19... e5 $1 $17 {[%cal Re5d4][%mdl 512]} 20. d5 (20. dxe5 Nc5) 20... Nc5) 20. Be3 $11 Qc4+ 21. Ke1 Qa4 22. Qd1 Qa5+ 23. Bd2 Qb5 24. Qc2 Qd7 25. Rc1 h6 ({Don't play} 25... Bxa3 $6 26. Ra1 $16) 26. Ne5 Qb7 27. Qc6 Qa8 28. Qxa8 Rxa8 29. Nc6 Bd6 30. Rc3 f6 31. f4 Kf7 32. h4 Bf8 33. Kd1 Ke8 34. Kc2 Nc7 35. a4 Kd7 36. Kb3 h5 37. Rc1 a5 38. g3 Ne8 39. d5 exd5 40. exd5 Nc7 41. Kc4 Bc5 42. Re1 Re8 43. Nxa5 Bf2 (43... Ra8 $1 $17) 44. Rxe8 Nxe8 {[%mdl 4096] Endgame KBN-KBN} 45. Nc6 Bxg3 46. Be3 Bxh4 47. Bxb6 Bg3 $1 {Threatens to win with ...h4.} 48. Be3 $2 (48. a5 $1 $15) 48... h4 $19 49. Nd4 h3 50. Ne2 Be1 $1 51. Bg1 Nd6+ (51... f5 $1 $19 52. Nd4 Bg3) 52. Kd3 $11 Nf5 53. Bh2 $1 Nh6 54. Bg3 $1 {[%cal Rg3e1]} Nf5 55. Bh2 Nh6 {And now ...Ng4 would win.} 56. Bg3 $1 {[%cal Rg3e1]} Bxg3 57. Nxg3 {KN-KN} g6 {next ...Nf5 is good for Black.} 58. a5 Kd6 59. a6 Kc7 60. Ke2 Kb6 61. Kf3 Kxa6 62. Ne4 Ng4 63. Kg3 h2 64. Kg2 Kb6 {aiming for ...Kb5.} 65. Kh1 $2 {[%mdl 8192]} (65. Nd6 $15) 65... f5 $1 $19 {[%cal Rf5e4]} 66. Nc3 Kc5 67. Kg2 Kd4 $2 (67... Ne3+ $19 68. Kxh2 Nxd5) 68. d6 $15 Nf6 69. Nb5+ $2 {[%mdl 8192]} ({Better is} 69. Na4 $1 $15) 69... Ke4 70. Kxh2 Kxf4 {Hoping for ...Ke5.} 71. Kh3 {[#]} g5 (71... Nd7 $1 $17 {...Nf8 is the strong threat.} 72. Na3 g5) 72. Nc7 $2 {[%mdl 8192]} (72. Nd4 $15) 72... Ke5 73. Ne8 Nd7 (73... f4 $142 74. Kh2 g4 75. Kg1 f3 76. Nc7 g3 77. d7 Nxd7 78. Nb5 Nb6 79. Na3 Nd5 80. Nc4+ Kf4 81. Kf1 Ne3+ 82. Ke1 Nxc4 83. Kd1 f2 84. Kc2 f1=Q 85. Kc3 g2 86. Kd4 g1=Q+ 87. Kd5 Qd3+ 88. Ke6 Qd6+ 89. Kf7 Qgg6#) 74. Kg3 f4+ 75. Kg4 {[#]} Ke4 $2 (75... Nf6+ $1 {mates} 76. Kh3 g4+ 77. Kh2 Ke6 78. d7 Nxd7 79. Nc7+ Ke5 80. Na6 Nf6 81. Nb4 Ke4 82. Kg1 f3 83. Na2 g3 84. Nc3+ Kd3 85. Na2 Nd5 86. Nc1+ Ke3 87. Kf1 Nc3 88. Kg1 Ne2+ 89. Nxe2 fxe2 90. Kg2 e1=Q 91. Kh3 Kf3 92. Kh4 Qe5 93. Kh3 Qh8#) 76. Kxg5 $11 {The position is equal.} f3 {( -> ...f2)} 77. Nf6+ Nxf6 78. Kxf6 f2 79. d7 f1=Q+ 80. Ke7 Ke5 {Precision: White = 41%, Black = 45%.} 1/2-1/2

[Event "Reykjavik Chess Club-ch 2018"]
[Site "Reykjavik"]
[Date "2018.09.12"]
[Round "2"]
[White "Olafsson, Thorvardur"]
[Black "Mai, Aron Thor"]
[Result "1/2-1/2"]
[WhiteElo "2192"]
[BlackElo "2062"]
[Annotator "TA"]
[PlyCount "65"]
[EventDate "2018.09.11"]
[EventCountry "ISL"]
[SourceTitle "playchess.com"]
[Source "ChessBase"]
[SourceQuality "1"]

{[%evp 21,65,20,25,-45,14,14,35,39,43,39,38,0,0,0,37,36,30,43,52,43,77,76,83,82,87,29,43,46,36,30,32,18,23,2,21,0,0,0,0,0,6,0,0,0,7,0]} 1. d4 e6 2. c4 d5 3. Nf3 c6 4. e3 Nf6 5. b3 Nbd7 6. Bd3 Bd6 7. Bb2 O-O {A06: Réti Opening:1 Nf3 d5} 8. O-O (8. Nbd2 b6 9. O-O Bb7 10. Qe2 c5 11. Rad1 Ne4 12. cxd5 exd5 13. Ba6 Bxa6 14. Qxa6 Re8 15. dxc5 Ndxc5 16. Qe2 Rc8 17. Rc1 Bf8 18. Rfd1 Qe7 {½-½ (45) Radjabov,T (2710)-Ding,L (2773) Moscow 2017}) 8... Qe7 9. Ne5 c5 10. Nd2 b6 11. f4 Bb7 {LiveBook: 10 Games} 12. Qf3 (12. cxd5 $11 exd5 13. Qe1) 12... dxc4 $146 {[#]} ({Black should play} 12... cxd4 $15 13. exd4 Nc5) ({Predecessor:} 12... cxd4 13. exd4 dxc4 14. Qxb7 cxd3 15. Nc6 {½-½ (85) Estremera Panos,S (2375)-Ly,D (2160) Aschach 2016}) 13. Bxh7+ $1 $11 {[%mdl 512]} Nxh7 14. Qxb7 Nxe5 15. Qxe7 Bxe7 16. fxe5 cxb3 17. axb3 Bg5 18. Kf2 cxd4 19. Bxd4 f6 {Strongly threatening ...fxe5+.} 20. Ke2 fxe5 {[#] aiming for ...Rxf1.} 21. Rxf8+ $1 Rxf8 22. Bxe5 Rf7 23. Ne4 ({Better is} 23. Bb8 $16) 23... Bf6 24. Bxf6 gxf6 $14 {[%mdl 4096] Endgame KRN-KRN} 25. Rc1 Rd7 26. Rc8+ Kf7 27. Rh8 Ng5 {The position is equal.} 28. Nxg5+ (28. Nf2 {looks sharper.} Ke7 29. h4 Nf7 30. Rc8 Ne5 31. Nh3) 28... fxg5 29. Rh7+ Ke8 30. Rh6 Kf7 31. Rh7+ Ke8 32. Rh6 Kf7 33. Rh7+ {Precision: White = 38%, Black = 59%.} 1/2-1/2

[Event "Reykjavik Chess Club-ch 2018"]
[Site "Reykjavik"]
[Date "2018.09.12"]
[Round "2"]
[White "Jonsson, Gauti Pall"]
[Black "Ornolfsson, Magnus P"]
[Result "0-1"]
[WhiteElo "2100"]
[BlackElo "2227"]
[Annotator "TA"]
[PlyCount "62"]
[EventDate "2018.09.11"]
[EventCountry "ISL"]
[SourceTitle "playchess.com"]
[Source "ChessBase"]
[SourceQuality "1"]

{[%evp 12,62,12,8,77,72,80,71,87,66,70,65,156,33,49,10,10,23,22,18,44,8,8,-23,-32,-126,-108,-263,-230,-277,-268,-302,-296,-313,-250,-329,-320,-311,-197,-212,-239,-229,-110,-528,-517,-513,-512,-518,-500,-495,-499,-481,-493]} 1. e4 d6 2. d4 Nf6 3. Nc3 g6 4. Bg5 Bg7 5. f4 O-O 6. Nf3 {[%cal Bg1f3,Bf3d2,Bd2c4][%mdl 32]} c5 {B07: Pirc Defence: Miscellaneous Systems} (6... d5 7. e5 Ne4 8. Bh4 c5 9. dxc5 Nxc3 10. bxc3 Nc6 11. Qd2 Bg4 12. Nd4 f6 13. h3 Bd7 14. e6 {1-0 (40) Bachmann,A (2589)-Onischuk,V (2594) Zalakaros 2014}) 7. d5 {LiveBook: 6 Games} Qa5 (7... Nbd7 $11 {remains equal.}) 8. Nd2 $1 $16 Ng4 {White is better.} 9. Qf3 $1 ({Inferior is} 9. Bxe7 Bxc3 10. bxc3 (10. Bxf8 $2 Bxb2 11. Bxd6 Ne3 $19) 10... Re8 $19) 9... f6 $146 ({Predecessor:} 9... e5 10. Nc4 Qc7 11. f5 Nf6 12. Bd3 a6 13. a4 Nbd7 14. g4 {1-0 (29) Jennings,R (1844)-Hasan,S (1982) London 2015}) 10. Nc4 Qd8 11. Bh4 g5 (11... Nh6 $14) 12. h3 (12. f5 $1 $16) 12... Ne5 $1 $14 {[%cal Re5f3]} 13. fxe5 fxe5 14. Qh5 gxh4 15. Qxh4 b5 16. Nxb5 Rf4 $132 {[%mdl 2048] Black is fighting back} 17. Qh5 Rxe4+ 18. Kd1 {[#]} (18. Be2 $15 Nd7 19. Nc3) 18... Nd7 $1 $17 19. g3 $2 (19. Bd3 $17 {might work better.} Nf6 20. Qg5) 19... a6 20. Nc3 Nf6 21. Qf3 Rd4+ 22. Ke1 Bb7 23. Rd1 e6 24. Ne3 Qe7 25. Bc4 Rf8 {Hoping for ...Rxc4!} 26. Qe2 {[#]} Bh6 (26... Nxd5 $1 $19 {has better winning chances.} 27. Nexd5 exd5 28. Rxd4 dxc4) 27. Rf1 $2 {[%mdl 8192]} (27. Ng4 $17 {nothing else works.} Nxg4 28. hxg4) 27... Bxe3 $1 $19 {Black is clearly winning.} 28. Qxe3 Rxc4 29. Qg5+ Qg7 30. Qxg7+ Kxg7 31. dxe6 Rd4 {Precision: White = 36%, Black = 54%.} 0-1

[Event "Reykjavik Chess Club-ch 2018"]
[Site "Reykjavik"]
[Date "2018.09.13"]
[Round "2"]
[White "Briem, Stephan"]
[Black "Bjornsson, Eirikur K"]
[Result "1/2-1/2"]
[WhiteElo "1967"]
[BlackElo "1958"]
[Annotator "NA RC"]
[PlyCount "135"]
[EventDate "2018.09.11"]
[EventCountry "ISL"]
[SourceTitle "playchess.com"]
[Source "ChessBase"]
[SourceQuality "1"]

{[%evp 12,130,29,18,0,20,8,4,6,18,45,-19,-15,-32,-37,-21,-54,-36,0,32767,32767,32767,32767,32767,32767,32767,32767,32767,32767,32767,32767,32767,32767,32767,32767,32767,32767,32767,130,185,225,230,329,390,402,419,600,454,483,77,61,44,36,0,0,-8,0,-36,-50,-32,-37,-31,-33,-9,-34,-587,-658,-1791,-397,-282,-436,-432,-76,-77,-78,-78,-77,-329,-370,-29962,-29973,-4631,-29970,-29975,-29974,-29965,-29976,-29978,-29979,-29981,-70,-75,-81,-81,-78,-81,-79,0,-82,-83,-83,-85,-81,-82,-83,-83,-83,-83,-82,-85,-81,-82,0,-84,-81,-89,-85,-87,-82,-85,-85]} 1. d4 Nf6 2. c4 g6 3. Nc3 Bg7 4. e4 d6 5. h3 O-O 6. Bg5 c5 7. d5 e6 8. Nf3 exd5 {E71: King's Indian: 4 e4 d6 5 h3} 9. cxd5 h6 {LiveBook: 30 Partien} 10. Be3 b5 (10... a6 11. a4 Re8 12. Bd3 Nbd7 13. O-O Nh5 14. Re1 Qf6 15. Rc1 Nf4 16. Bf1 Ne5 17. Nxe5 Qxe5 18. Nb1 Bd7 19. Na3 Qf6 20. f3 {1-0 (36) Kazhgaleyev,M (2589)-Topalov,V (2752) Astana 2012}) 11. Nd2 $146 ({Bloß nicht Predecessor:} 11. Bxb5 $6 Qe7 $16 (11... Nxe4 12. Nxe4 Qa5+ 13. Nc3 Bxc3+ 14. bxc3 Qxb5 {½-½ (44) Stocek,J (2590)-Popov,M (2374) Pardubice 2017})) ({Lieber} 11. e5 $14 dxe5 12. Bxc5) 11... b4 12. Ne2 $1 Ba6 13. Qc2 Re8 14. g4 {[#]} Qe7 (14... c4 $1 $15 {[%mdl 512]} 15. Rc1 (15. Nxc4 Nxe4) 15... Qa5) 15. Ng3 Bxf1 16. Kxf1 Nbd7 17. g5 hxg5 18. Bxg5 Nb6 19. h4 Qd7 20. f3 Nh7 21. Kg2 Nxg5 22. hxg5 Qe7 23. f4 f6 24. Nf3 fxg5 25. Nxg5 Qf6 {[#]} 26. Raf1 $1 Qxb2 (26... c4 {was necessary.} 27. Ne6 a5) 27. Qxb2 Bxb2 28. Rh6 Re7 29. Rxg6+ Rg7 30. Rxd6 $2 (30. Rh6 $18) 30... Nc4 31. Rc6 Ne3+ 32. Kf2 Nxf1 33. Kxf1 a5 $1 34. Nh5 ({But not} 34. Rxc5 a4 $17) 34... a4 $1 35. e5 {[#]} ({Don't go for} 35. Rxc5 $2 b3 $19) 35... Rxg5 $1 36. Nf6+ $1 ({Of course not} 36. fxg5 Bxe5 37. Nf6+ (37. Rxc5 $2 b3 $19) 37... Bxf6 $19) 36... Kf7 37. fxg5 Bxe5 38. Rxc5 $2 {[#]} (38. Nd7 $15 Bd4 39. Nxc5) 38... b3 $1 39. a3 Rb8 $2 (39... b2 40. Rb5 Rb8 41. Rxb2 Rxb2) 40. Ne4 b2 41. Nd2 {[#]} b1=Q+ $2 (41... Rb3 $1 $19 {[%mdl 512]} 42. Ke2 (42. Nxb3 axb3) 42... Rxa3) 42. Nxb1 Rxb1+ 43. Ke2 Rb3 44. Kd2 $2 (44. Rc6 $17) 44... Rxa3 45. Rb5 $2 (45. g6+ $19 Kg7 46. Rc6) 45... Rb3 46. Rc5 a3 47. g6+ Ke7 48. Ra5 Rb2+ 49. Kd3 a2 50. g7 Rg2 $15 (50... Bxg7 {mates} 51. Ra7+ Kd6 52. Kc4 Rd2 53. Ra6+ Kc7 54. d6+ Kb7 55. Rxa2 Rxa2 56. Kd5 Kc8 57. Kc6 Ra5 58. d7+ Kd8 59. Kd6 Bc3 60. Ke6 Bb4 61. Kf6 Kxd7 62. Kf7 Rg5 63. Kf6 Be7+ 64. Kf7 Bd8 65. Kf8 Ke6 66. Ke8 Rg8#) 51. g8=Q Rxg8 52. Rxa2 Kd6 53. Ra5 Rg3+ 54. Ke4 Rg4+ 55. Kf3 Rb4 56. Ke2 Bd4 57. Kd3 Bc5 58. Ra8 Kxd5 59. Rd8+ Bd6 60. Rg8 Rb3+ 61. Kc2 Rh3 62. Rg2 Be5 63. Re2 Bd4 64. Rg2 Kc4 65. Kd2 Ra3 66. Ke2 Ra2+ 67. Kf3 Rxg2 68. Ke4 1/2-1/2

[Event "Reykjavik Chess Club-ch 2018"]
[Site "Reykjavik"]
[Date "2018.09.16"]
[Round "3"]
[White "Ornolfsson, Magnus P."]
[Black "Stefansson, Vignir Vatnar"]
[Result "0-1"]
[WhiteElo "2227"]
[BlackElo "2270"]
[Annotator "TA"]
[PlyCount "84"]
[EventDate "2018.09.11"]
[EventCountry "ISL"]
[SourceTitle "playchess.com"]
[Source "ChessBase"]
[SourceQuality "1"]

{[%evp 18,84,68,63,66,61,62,51,62,64,51,52,61,56,45,38,37,27,32,0,58,39,44,38,39,44,38,24,60,56,91,56,63,60,92,0,120,51,79,34,66,-45,-67,-255,0,0,0,0,0,0,0,-69,-56,-71,-70,-270,-267,-506,-506,-5122,-5122,-5122,-5121,-29986,-29977,-29991,-29991,-29991,-552]} 1. e4 d5 2. exd5 Qxd5 3. Nc3 Qd6 4. d4 Nf6 5. Bd3 c6 (5... Nc6 6. Nge2 Bg4 7. f3 Bh5 8. Bf4 Qd7 9. Ne4 Nxe4 10. Bxe4 e6 11. O-O Rd8 12. c3 Bd6 13. Bxd6 Qxd6 {1-0 (41) Miton,K (2603)-Wojtaszek,R (2716) Poznan 2014}) 6. Nge2 {B01: Scandinavian Defence} Bg4 7. f3 Bh5 8. Bf4 Qd8 9. Qd2 e6 10. O-O-O {LiveBook: 11 Games} Be7 11. g4 Bg6 12. h4 {[%cal Bh2h4,Bh4h5][%mdl 32]} Nbd7 $146 ({Predecessor:} 12... Nd5 13. Nxd5 Qxd5 {1-0 (86) Ligart,T (2211)-Milcova,Z (2061) Slovakia 2015}) 13. h5 Bxd3 14. Qxd3 h6 15. Kb1 b5 16. Ng3 b4 17. Nce4 Nd5 18. Bd6 N7b6 (18... a5 $11) 19. Bxe7 (19. Be5 {with more complications.} O-O 20. Ne2 Nd7 21. f4 Nxe5 22. dxe5 Qb6 23. Qf3) 19... Qxe7 20. Rde1 Qc7 21. Rhg1 Nf4 22. Qd2 Nbd5 23. Ne2 Rb8 24. Nxf4 Qxf4 25. Qd3 Rb5 26. Nc5 ({White should play} 26. a4 $16 Ra5 27. Nc5) 26... Ke7 (26... a5 $11 {remains equal.}) 27. Re4 (27. a4 $1 $16 {[%cal Ra4b5]} Rbb8 28. Re4) 27... Qd6 $1 $14 28. Rge1 (28. f4 $5) 28... Rd8 29. Rxe6+ ({White should try} 29. a4 $14 bxa3 30. Qxa3) 29... fxe6 $15 30. Qg6 $2 {[#]} (30. Rxe6+ $15 Qxe6 31. Nxe6 Kxe6 32. Qg6+ Nf6 33. Qxg7) 30... Rxc5 $2 (30... Nc3+ $1 $19 31. bxc3 bxc3+ 32. Ka1 Qxd4 33. Qxe6+ Kf8) 31. Qxg7+ $11 Ke8 32. dxc5 Qe7 33. Qxh6 Kd7 34. f4 (34. Qg6 $11) 34... Rg8 $36 {[%mdl 2048] White is under pressure.} 35. f5 Rxg4 {And now ...e5 would win.} 36. c4 $2 (36. fxe6+ $15 Kc7 37. Qd2) 36... bxc3 $19 ({Don't take} 36... Rxc4 37. Qh8 $17) 37. fxe6+ $2 (37. Qxe6+ Qxe6 38. fxe6+ Ke7 39. bxc3) 37... Kc7 {Hoping for ...Rg2.} 38. Qh8 (38. Rc1 $142 cxb2 39. Kxb2) 38... cxb2 39. Qe5+ Kb7 40. Re2 Qh7+ {Black mates.} 41. Kxb2 Rb4+ 42. Kc1 Qb1+ {Precision: White = 25%, Black = 65%.} 0-1

[Event "Reykjavik Chess Club-ch 2018"]
[Site "Reykjavik"]
[Date "2018.09.16"]
[Round "3"]
[White "Ingvason, Johann"]
[Black "Ragnarsson, Dagur"]
[Result "1-0"]
[WhiteElo "2185"]
[BlackElo "2249"]
[Annotator "NA"]
[PlyCount "60"]
[EventDate "2018.09.11"]
[EventCountry "ISL"]
[SourceTitle "playchess.com"]
[Source "ChessBase"]
[SourceQuality "1"]

{[%evp 8,60,34,32767,32767,32767,32767,32767,32767,32767,32767,32767,32767,32767,32767,12,55,40,91,52,106,90,105,32767,32767,32767,172,200,155,194,246,239,245,183,154,199,228,249,246,238,252,32767,277,317,259,292,463,523,727,773,833,783,884,912,841]} 1. e4 c5 2. Nf3 e6 3. d4 cxd4 4. Nxd4 Nc6 5. c4 Nf6 6. Nc3 Qc7 7. Be2 a6 8. O-O Be7 9. h3 {B41: Sizilianisch (Paulsen-Variante)} b6 $146 ({Vorgänger:} 9... O-O 10. Be3 d6 11. Qd2 Bd7 12. Rfd1 Rac8 13. Rac1 Nxd4 14. Qxd4 {½-½ (14) Farago,I (2515)-Pinter,J (2555) Hungary 1994}) 10. Be3 Bb7 11. f4 d6 12. Bf3 Nb8 13. Qe2 Nbd7 14. Rac1 O-O 15. g4 Rac8 16. b3 g6 (16... Nc5 $16) 17. g5 Ne8 {[#]} 18. f5 $1 Nc5 19. b4 e5 20. Nc2 ({Much less strong is} 20. bxc5 $6 exd4 21. cxb6 (21. Bxd4 dxc5 22. Be3 Qe5 $14) 21... Qxb6 $16) 20... Nd7 21. f6 Bd8 22. Na3 Qb8 23. Bg4 Rc7 24. h4 Qa8 25. Nd5 Bxd5 26. cxd5 Rb7 (26... Rxc1 $142 27. Rxc1 Qb7) 27. h5 b5 28. hxg6 fxg6 {[#]} 29. f7+ $18 Rxf7 30. Be6 Nf8 1-0